Take 5 - Sudden Death - Statistics

General Stats
  • This quiz has been taken 3,301 times
    3,251 since last reset
  • The average score is 8 of 16
Answers on the Grid
Answers color-coded by a green-red scale on the quiz's grid according to % correct below.
135 Divided
by 17
ABC by The
Jackson ___
Arms on a
Starfish
Basketball
Players per
Side
Beatles
Members
Brady Bunch
Children
Cardinal
Directions
Countries in
BRICS Acronym
Countries that
Border China
Cups in a
Quart
Day of Christmas
with Gold Rings
Deadly
Sins
Digits on
the Hand
Fast & Furious
Movies
Films in the
Twilight Saga
First Odd
Prime
____ Guys
Burgers & Fries
Friends on
Friends
Joe DiMaggio’s
Jersey Number
Joy to the World
By __ Dog Night
Lug Nuts on 2020
Honda Civic Tire
Michael Jordan’s
Jersey Number
New York City
Boroughs
Nights at
Freddy’s
Original NATO
Members
Sides on a
Pentagon
Square Root
of 25
Twelve Minute
Intervals in 1 Hour
Two Plus
Three
What’s Up by
___ Non-Blondes
 
Answer Stats
Answer % Correct
ABC by The
Jackson ___
87%
Arms on a
Starfish
73%
Digits on
the Hand
60%
Square Root
of 25
60%
Two Plus
Three
60%
____ Guys
Burgers & Fries
59%
Sides on a
Pentagon
51%
Twelve Minute
Intervals in 1 Hour
50%
Basketball
Players per
Side
47%
Countries in
BRICS Acronym
46%
Day of Christmas
with Gold Rings
44%
Nights at
Freddy’s
41%
New York City
Boroughs
35%
Films in the
Twilight Saga
17%
Lug Nuts on 2020
Honda Civic Tire
13%
Joe DiMaggio’s
Jersey Number
9%
No matching quizzes found
Score Distribution
Percent of People with Each Score
Percentile by Number Answered
Your Score History
You have not taken this quiz since the last reset